Where Are They From - Country #8 - Statistics

General Stats
  • This quiz has been taken 72 times
  • The average score is 7 of 12
Answer Stats
Hint Answer % Correct
Roald Amundsen, Magnus Carlsen, Edvard Munch, Sigrid Norway
88%
Nadia Comăneci, Nicolae Ceaușescu, Simona Halep, Sebastian Stan Romania
87%
Võ Nguyên Giáp, Lana Condor, Hồ Chí Minh, Veronica Ngô Vietnam
82%
Melania Trump, Luka Dončić, Jan Oblak, Željko Ivanek Slovenia
77%
Joel Embiid, Paul Biya, Samuel Eto'o, Charlotte Dipanda Cameroon
57%
Valdas Adamkus, Jonas Mekas, Arvydas Sabonis, Dalia Grybauskaitė Lithuania
53%
Gurbanguly Berdimuhamedow, Daniyar Ismayilov, Iraida Yusupova, Kurban Berdyev Turkmenistan
48%
Sammy Sosa, Dania Ramirez, Rafael Trujillo, David Ortiz Dominican Republic
43%
Omar al-Bashir, Manute Bol, Tayeb Salih, Josephine Bakhita Sudan
43%
Qaboos bin Said, Ali Al-Habsi, Fatma Al-Nabhani, Ahmad Al Harthy Oman
38%
Julius Nyerere, Rachel Luttrell, Shaaban bin Robert, Jakaya Kikwete Tanzania
22%
Clive Lloyd, Forbes Burnham, C. C. H. Pounder, Ezekiel Jackson Guyana
15%
No matching quizzes found
Score Distribution
Percent of People with Each Score
Percentile by Number Answered
Your Score History
You have not taken this quiz